000 00228 a2200097 4500
001 49359
100 _aTrollope
245 _aThe Last Chronicle of Barset
260 _aLondon
_bOxford University Press
_c
090 _c31903
_d31903
942 _aNUST-CAE
_cM
_c24340
999 _c284432
_d284432